[Event "Barcelona Chavarria Memorial 2nd"]
[Site "Barcelona"]
[Date "2013.10.23"]
[Round "2"]
[White "Rosa Pernio, Mario"]
[Black "Ramirez Garcia, Jorge Alberto"]
[Result "0-1"]
[WhiteElo "1948"]
[BlackElo "2300"]
[PlyCount "62"]
[EventDate "2013.10.16"]
[EventType "swiss"]
[EventRounds "9"]
[EventCountry "ESP"]
[SourceTitle "EXT 2015"]
[Source "ChessBase"]
[SourceDate "2014.11.20"]
[SourceVersion "1"]
[SourceVersionDate "2014.11.20"]
[SourceQuality "1"]

1. e4 e6 2. d3 d5 3. Qe2 Ne7 4. g3 g6 5. Bg2 Bg7 6. Nd2 0-0 7. Nh3 c5 8. 0-0 Nbc6 9. c3 b5 10. a3 a5 11. Rd1 Ba6 12. Nf3 b4 13. Qc2 Qb6 14. Bf4 h6 15. g4 g5 16. Nhxg5 hxg5 17. Nxg5 Ng6 18. Bg3 Nce5 19. exd5 exd5 20. h3 bxc3 21. bxc3 Qf6 22. d4 cxd4 23. Rxd4 Qxg5 24. f4 Nf3+ 25. Bxf3 Bxd4+ 26. Kh2 Nxf4 27. cxd4 Rac8 28. Qb2 Bd3 29. h4 Qf6 30. Rc1 Ne6 31. Bxd5 Nxd4 0-1

[Event "Maresme op 9th"]
[Site "Maresme"]
[Date "2012.10.13"]
[Round "3"]
[White "Rosa Pernio, Mario"]
[Black "Gomez Avenza, Javier"]
[Result "1/2-1/2"]
[WhiteElo "2071"]
[BlackElo "1976"]
[PlyCount "94"]
[EventDate "2012.09.29"]
[EventType "swiss"]
[EventRounds "9"]
[EventCountry "ESP"]
[SourceTitle "EXT 2014"]
[Source "ChessBase"]
[SourceDate "2013.11.20"]
[SourceVersion "1"]
[SourceVersionDate "2013.11.20"]
[SourceQuality "1"]

1. d4 d5 2. c4 c6 3. Nc3 Nf6 4. Bg5 g6 5. e3 Bg7 6. cxd5 cxd5 7. Qb3 e6 8. Rc1 0-0 9. Bd3 Nc6 10. Nge2 Qd6 11. Bf4 e5 12. dxe5 Nxe5 13. Bb1 Nh5 14. Qxd5 Qxd5 15. Nxd5 Nxf4 16. Nexf4 Bd7 17. Ne7+ Kh8 18. Rc7 Bc6 19. Nxc6 Nxc6 20. Rxb7 Rab8 21. Rxb8 Rxb8 22. b3 Rd8 23. Ke2 Ne5 24. Rc1 Bf8 25. Rd1 Rxd1 26. Kxd1 Ng4 27. Ke2 Nxh2 28. f3 g5 29. Nh5 Bd6 30. Kf2 h6 31. Be4 Kg8 32. Kg1 g4 33. g3 Nxf3+ 34. Bxf3 gxf3 35. Kf2 Kh7 36. Nf4 Kg7 37. Nd5 Kg6 38. Kxf3 Kf5 39. g4+ Ke5 40. e4 Bb8 41. Ke3 Bd6 42. b4 Bf8 43. a4 h5 44. gxh5 f5 45. Nc3 Bxb4 46. Nb5 Bc5+ 47. Ke2 fxe4 1/2-1/2

[Event "Maresme op 8th"]
[Site "Maresme"]
[Date "2011.10.22"]
[Round "5"]
[White "Corominas Garrido, Jordi"]
[Black "Rosa Pernio, Mario"]
[Result "1-0"]
[WhiteElo "1907"]
[BlackElo "1957"]
[PlyCount "85"]
[EventDate "2011.09.24"]
[EventType "swiss"]
[EventRounds "9"]
[EventCountry "ESP"]
[SourceTitle "EXT 2013"]
[Source "ChessBase"]
[SourceDate "2012.11.22"]
[SourceVersion "1"]
[SourceVersionDate "2012.11.22"]
[SourceQuality "1"]

1. c4 e5 2. Nc3 Nc6 3. Nf3 f5 4. d3 Nf6 5. g3 Bc5 6. e3 a6 7. Bg2 0-0 8. 0-0 d6 9. a3 Ba7 10. b4 Qe8 11. Nd5 Nxd5 12. cxd5 Ne7 13. Qb3 Qf7 14. Ng5 Qg6 15. Ne6 Bxe6 16. dxe6 c6 17. a4 d5 18. b5 Qxe6 19. b6 Bb8 20. Ba3 Bd6 21. Bxd6 Qxd6 22. e4 Rad8 23. Rad1 Kh8 24. exd5 Nxd5 25. Bxd5 Qxd5 26. Qxd5 Rxd5 27. f4 g6 28. fxe5 Rxe5 29. Rf4 Rd8 30. Kf2 Kg7 31. h4 Kf6 32. g4 Red5 33. gxf5 gxf5 34. Ke3 Ke5 35. d4+ Kf6 36. Rc1 Rg8 37. Kf3 Rg4 38. Rxg4 fxg4+ 39. Ke4 Rf5 40. Rxc6+ bxc6 41. b7 g3 42. b8Q g2 43. Qf8+ 1-0